| 000 | 00571nam a2200169 a 4500 | ||
|---|---|---|---|
| 001 | 000025973 | ||
| 005 | 20200930024209.0 | ||
| 008 | 110225s1999 dr a 000 0 spa d | ||
| 040 |
_aDO-SdBNP _bspa _cBNPHU |
||
| 110 | 1 |
_aRepública Dominicana _bComisión Presidencial de Apoyo al Desarrollo Provincial _952867 |
|
| 245 | 1 | 0 |
_aConsejos de desrrollo provincial : _breglamento /. |
| 260 |
_aSanto Domingo : _bImprenta la Unión, _c1999. _fImpresora Germán |
||
| 300 |
_a43 p. : _bil. ; _c23 cm. |
||
| 490 | 1 |
_aProvincias _v1 |
|
| 830 | 0 |
_aProvincias _v1 _945125 |
|
| 049 | _aBNPD | ||
| 999 |
_c25465 _d25465 |
||